000 00866nab a22002057a 4500
999 _c5832
_d5832
003 OSt
005 20260107125317.0
008 190514b xxu||||| |||| 00| 0 spa d
040 _cPJ
100 _96244
_aVeloso, Sandra F.
245 1 0 _aAlimentos provisorios y compensación económica /
_cSandra F. Veloso.
300 _ap. 178-183
505 _aSumario: I. Conceptos preliminares.— II. Alimentos provisorios y compensación económica.— III. El límite temporal de los alimentos y sus efectos en la compensación económica.
505 _tSi te interesa el texto, comunicate a koha@justierradelfuego.gov.ar
650 0 _9967
_aDERECHO DE FAMILIA
650 0 _9968
_aALIMENTOS
650 0 _95830
_aCOMPENSACIÓN ECONÓMICA
773 0 _02844
_93222
_dBuenos Aires : AbeledoPerrot, 1989-
_tDerecho de familia. N° 118 - Marzo 2025
_z18511201
942 _2udc
_cANA